| 000 | 00742pam a2200253 i 4500 | ||
|---|---|---|---|
| 001 | 2738160 | ||
| 003 | NUST - PNEC | ||
| 005 | 20170116180951.0 | ||
| 008 | 781128s1980 njua 001 0 eng | ||
| 010 | _a 78027177 | ||
| 020 | _a0132776995 | ||
| 040 | _cLIBRARY | ||
| 082 | 0 | 0 | _a621.3815 FLE |
| 100 | 1 |
_aFletcher, William I., _d1938- |
|
| 245 | 1 | 3 |
_aAn engineering approach to digital design _cWilliam I. Fletcher. |
| 260 |
_aEnglewood Cliffs, N.J. : _bPrentice-Hall, _cc1980. |
||
| 300 |
_axviii, 766 p. : _bill. ; _c25 cm. |
||
| 500 | _aIncludes index. | ||
| 650 | 0 |
_aDigital electronics. _xEL |
|
| 650 | 0 | _aLogic design. | |
| 650 | 0 | _aMachine theory. | |
| 906 |
_a7 _bcbc _corignew _d1 _eocip _f19 _gy-gencatlg |
||
| 942 |
_2ddc _cBK |
||
| 999 |
_c66436 _d66436 |
||